000 00384nam a22001337a 4500
020 _a9781503277168
082 _a320.451 LAW
100 _a Lawrence, Susan V.
245 _aChina's political institutions and leaders in charts
260 _aChina
_bCongressional Research Service
_c2013
300 _a26p
942 _2ddc
_cBK
999 _c541033
_d541033